000 00452nam a2200157 a 4500
001 000038852
005 20201002031409.0
008 130430s20uu dr 000 0 spa d
020 _a9872095507
040 _aDO-SdBNP
_bspa
_cBNPHU
245 0 3 _aEl abc de la biotecnología de plantas.
260 _aSanto omingo :
_bCEDAF,
_c[200?].
300 _a92 p. :
_bil., retrs. ;
_c18 cm.
500 _aTexto a dos columnas
504 _aBibliografía : p. 85-86
999 _c38342
_d38342